Gentílicos de Cidades do Mundo - Statistics

Estatísticas Gerais
  • Esse quiz foi jogado 49 vezes
  • A pontuação média é 13 de 63
Estatísticas das Respostas
Hint Resposta % Correto
Luanda Luandense
77%
Berlim Berlinense
72%
Roma Romano
72%
Munique Muniquense
65%
Paris Parisiense
56%
Meca Mecano
51%
Nápoles Napolitano
51%
Milão Milanês
49%
Bruxelas Bruxelense
47%
Londres Londrino
47%
Venezia Veneziano
47%
Nova York Nova-iorquino
44%
Florença Florentino
40%
Buenos Aires Portenho
37%
Bogotá Bogotano
30%
Chicago Chicaguense
26%
Parma Parmesão
26%
Pequim Pequinês
26%
Barcelona Barcelonês
23%
Marselha Marselhês
23%
Moscou Moscovita
23%
Toronto Torontiano
23%
Xangai Xangaiense
23%
Boston Bostoniano
21%
Lisboa Lisboeta
21%
Los Angeles Angelino
19%
Córdova Cordovês
19%
Lyon Lionês
19%
Madrid Madrileno
19%
Cidade do México Mexiquense
14%
Santiago Santiaguino
14%
Washington Washingtoniano
14%
Caracas Caraquenho
9%
Genebra Genebrino
9%
Seul Seulês
9%
Varsóvia Varsoviano
9%
Zagreb Zagrebino
9%
Bucareste Bucarestino
7%
Cairo Cairota
7%
Lima Limenho
7%
Mendonza Mendocino
7%
La Paz Pacenho
7%
Quito Quitenho
7%
Tóquio Toquiota
7%
Dacar Dacarense
5%
Hong Kong Honconguês
5%
Istambul Istambulita
5%
Manágua Managuenho
5%
Porto Portuense
5%
Zurique Zuriquenho
5%
Gaza Gazita
2%
Manchester Mancuniano
2%
Seattle Seattleíta
2%
Zanzibar Zanzibarita
2%
Amsterdã Amesterdamês
0%
Assunção Assuncionenho
0%
Bagdá Bagdali
0%
Cartagena Cartageneiro
0%
Damasco Damasceno
0%
Jerusalém Hierosolimita
0%
Estocolmo Holmiense
0%
Liverpool Liverpuldiano
0%
Montevidéu Montevideano
0%
Nenhum quiz correspondente encontrado
Distribuição das Pontuações
Porcentagem de Pessoas com Cada Pontuação
Percentil de Números Respondidos
Sua Pontuação Histórica
Você não jogou esse quiz